Las huellas del "propio camino" en los relatos de Ana Vásquez /
Sábháilte in:
| Príomhchruthaitheoir: | |
|---|---|
| Formáid: | Anaithnid |
| Teanga: | Spanish |
| Ábhair: | |
| Clibeanna: |
Cuir clib leis
Níl clibeanna ann, Bí ar an gcéad duine le clib a chur leis an taifead seo!
|
MARC
| LEADER | 000000000a22000000004500 | ||
|---|---|---|---|
| 001 | 008723 | ||
| 041 | 0 | |a spa | |
| 100 | 1 | |a Araujo, Helena | |
| 245 | 1 | 4 | |a Las huellas del "propio camino" en los relatos de Ana Vásquez / |c Helena Araujo. |
| 310 | |a Semestral | ||
| 650 | 4 | |a LITERATURA HISPANOAMERICANA | |
| 650 | 4 | |a HISTORIA Y CRITICA | |
| 650 | 4 | |a PUBLICACIONES PERIODICAS | |
| 650 | 4 | |a LITERATURA | |
| 650 | 4 | |a MUJERES EN LA LITERATURA | |
| 650 | 4 | |a MUJERES COMO AUTORAS | |
| 773 | 0 | |x 1011-7989 |d Venezuela : Universidad Central de Venezuela |t Escritura, teoría y crítica literarias |g volumen 16, números 31-32 (1991), páginas 9-16 | |
| 942 | |c ARC | ||
| 999 | |c 14830 |d 14830 | ||
